000 00518nam a2200133Ia 4500
008 231129s2008||||xx |||||||||||||| ||spa||
040 _bspa
082 _a327.17 C718c
100 _aColombia. Vicepresidencia de la República. Programa Presidencial para la Acción Integral contra las Minas Antipersonales
245 0 _aLa Cooperación Internacional y su Régimen Jurí­dico en Colombia
260 _c2008
264 _aAgencia Presidencial para la Acción Social y la Cooperación Internacional
942 _2ddc
_cBKS
999 _c16755
_d16755